000 00793cam a22002653a 4500
001 9507
003 PGUSA
005 20140828083213.0
008 051201s2005||||xxu|||||s|||||000 1 eng d
040 _aPGUSA
_beng
042 _adc
050 4 _aPR
100 1 _aWard, Humphry,
_cMrs,
_d1851-1920
245 1 4 _aThe Coryston Family :
_bA Novel
_h[electronic resource] /
_cHumphry, Ward
260 _bProject Gutenberg,
_c2005
506 _aPublic domain in the USA.
516 _aElectronic text
653 _aPolitical fiction
653 _aFamilies -- Fiction
653 _aMother and child -- Fiction
653 _aEngland -- Social life and customs -- 20th century -- Fiction
830 0 _aProject Gutenberg
_v9507
856 4 0 _uhttp://www.gutenberg.org/ebooks/9507
942 _cEB
999 _c238763
_d238763